Liverpool Players 15 or More Goals in Premier League - Statistics

General Stats
  • This quiz has been taken 41 times
  • The average score is 26 of 28
Answer Stats
# Player % Correct
17/18 Mohamed Salah 32
100%
18/19 Mohamed Salah 22
100%
19/20 Mohamed Salah 19
100%
20/21 Mohamed Salah 22
100%
21/22 Mohamed Salah 23
100%
22/23 Mohamed Salah 19
100%
23/24 Mohamed Salah 18
100%
24/25 Mohamed Salah 29
100%
Sadio Mané 22
97%
Sadio Mané 18
97%
Sadio Mané 16
97%
07/08 Fernando Torres 24
93%
09/10 Fernando Torres 18
93%
97/98 Michael Owen 18
93%
98/99 Michael Owen 19
93%
00/01 Michael Owen 16
93%
01/02 Michael Owen 19
93%
02/03 Michael Owen 19
93%
03/04 Michael Owen 16
93%
94/95 Robbie Fowler 25
93%
95/96 Robbie Fowler 28
93%
96/97 Robbie Fowler 18
93%
Roberto Firmino 15
93%
08/09 Steven Gerrard 16
93%
12/13 Luis Suárez 23
86%
13/14 Luis Suárez 31
86%
Daniel Sturridge 22
83%
Diogo Jota 15
83%
No matching quizzes found
Score Distribution
Percent of People with Each Score
Percentile by Number Answered
Your Score History
You have not taken this quiz